| 000 | 00487nam a2200181Ia 4500 | ||
|---|---|---|---|
| 003 | GCL | ||
| 008 | 140319s9999 xx 000 0 eng d | ||
| 040 |
_aGCL / _cGCL |
||
| 082 | 0 | 4 |
_a711 _bT E |
| 100 | 1 | _aTHOMAS, RANDALL | |
| 245 | 1 | 0 |
_aENVIRONMENTAL DESIGN: AN INTRODUCTION FOR ARCHITECTS AND ENGINEERS / _cTHOMAS, RANDALL |
| 260 |
_a[S.N] : _bE & FN SPON ، _c1997 |
||
| 300 | _a225 P | ||
| 650 | 0 | 4 | _aARTS |
| 650 | 0 | 4 | _aDESIGN |
| 650 | 0 | 4 | _aENVIRONMENTAL DESIGN |
| 942 |
_2ddc _cBK |
||
| 999 |
_c16262 _d16262 |
||